000 00217nam a2200085Ia 4500
008 120527s9999 xx 000 0 und d
100 _aMEGSON,T.H.G
245 _aAircrat structures for engineering students.
942 _cBK
999 _c23720
_d23720